MLB players with 100+ RBIs 2013 - Statistics

General Stats
  • This quiz has been taken 84 times
  • The average score is 7 of 15
Answer Stats
RBI Name % Correct
137 Miguel Cabrera
83%
103 David Ortiz
74%
138 Chris Davis
70%
108 Adam Jones
55%
100 Adrian Gonzalez
54%
104 Edwin Encarnacion
51%
106 Prince Fielder
51%
125 Paul Goldschmidt
49%
107 Robinson Cano
48%
109 Freddie Freeman
33%
109 Jay Bruce
33%
100 Mark Trumbo
22%
100 Pedro Alvarez
22%
101 Alfonso Soriano
19%
103 Brandon Phillips
16%
No matching quizzes found
Score Distribution
Percent of People with Each Score
Percentile by Number Answered
Your Score History
You have not taken this quiz